[Event "12th SC 1400/1800"]
[Site "SchemingMind.com"]
[Date "2006.06.17"]
[Round "-"]
[White "carpediem"]
[Black "Dr_Pat"]
[Result "0-1"]
[WhiteCountry "USA"]
[BlackCountry "USA"]
[WhiteElo "1839"]
[WhiteRD "100"]
[BlackElo "1474"]
[BlackRD "49"]
[GameID "55690"]

1. e4 c5 2. Nf3 d6 3. d4 cxd4 4. Nxd4 Nf6 5. Nc3 g6 6. Be2 Bg7 7. O-O Bd7 8. Qd3 Nc6 9. f4 O-O 10. f5 gxf5
11. Nxf5 Bxf5 12. exf5 Qb6+ 13. Kh1 Ne5 14. Qg3 Rac8 15. Nd5 Nxd5 16. Bh6 Ng6 17. Bxg7 Kxg7 18. fxg6 hxg6 19. Qb3 Qxb3 20. cxb3 Rc2
21. Bf3 Ne3 22. Rg1 Rxb2 23. Rge1 Nc2 24. Rab1 Nxe1 25. Rxb2 Nxf3 26. gxf3 Rd8 27. Kg2 d5 28. Kf2 Kf6 29. Rd2 e5 30. Ke3 Kf5
31. Rd3 d4+ 32. Ke2 e4 33. fxe4+ Kxe4 34. a4 f5 35. h3 f4 36. b4 f3+
0-1